The Scaling Value Playbook : A Practical Guide For Creating Innovation Networks for Impact and Growth (Record no. 43477)

MARC details
000 -LEADER
fixed length control field 01123cam a22003137i 4500
001 - CONTROL NUMBER
control field 23121322
005 - DATE AND TIME OF LATEST TRANSACTION
control field 20250417093611.0
008 - FIXED-LENGTH DATA ELEMENTS--GENERAL INFORMATION
fixed length control field 230509s2024 gw a b 000 0 eng d
010 ## - LIBRARY OF CONGRESS CONTROL NUMBER
LC control number 2023938429
020 ## - INTERNATIONAL STANDARD BOOK NUMBER
International Standard Book Number 9783110789478
035 ## - SYSTEM CONTROL NUMBER
System control number (OCoLC)on1369386611
042 ## - AUTHENTICATION CODE
Authentication code lccopycat
082 04 - DEWEY DECIMAL CLASSIFICATION NUMBER
Classification number 658.577 GRA
100 1# - MAIN ENTRY--PERSONAL NAME
Author Gray, Ian
245 14 - TITLE STATEMENT
Title The Scaling Value Playbook : A Practical Guide For Creating Innovation Networks for Impact and Growth
260 ## - PUBLICATION, DISTRIBUTION, ETC.
Place Boston
Publisher De Gruyter
Publication Year 2024
300 ## - PHYSICAL DESCRIPTION
Extent 241 pages :
Other physical details color illustrations ;
Dimensions 17 x 24 cm.
504 ## - BIBLIOGRAPHY, ETC. NOTE
Bibliography, etc. note Includes bibliographical references.
650 #0 - SUBJECT ADDED ENTRY--TOPICAL TERM
Subject Technological Innovations
650 #6 - SUBJECT ADDED ENTRY--TOPICAL TERM
Subject Innovations
650 #7 - SUBJECT ADDED ENTRY--TOPICAL TERM
Subject Business & Economics ; Entrepreneurship.
942 ## - ADDED ENTRY ELEMENTS (KOHA)
Koha item type Books
264 #1 - PRODUCTION, PUBLICATION, DISTRIBUTION, MANUFACTURE, AND COPYRIGHT NOTICE
Place of production, publication, distribution, manufacture Berlin ;
-- Boston :
Name of producer, publisher, distributor, manufacturer Walter de Gruyter GmbH,
Date of production, publication, distribution, manufacture, or copyright notice [2024]
336 ## - CONTENT TYPE
Content type term text
Content type code txt
Source rdacontent
337 ## - MEDIA TYPE
Media type term unmediated
Media type code n
Source rdamedia
338 ## - CARRIER TYPE
Carrier type term volume
Carrier type code nc
Source rdacarrier
906 ## - LOCAL DATA ELEMENT F, LDF (RLIN)
a 7
b cbc
c copycat
d 2
e ncip
f 20
g y-gencatlg
Holdings
Withdrawn status Lost status Source of classification or shelving scheme Damaged status Not for loan Home library Current library Shelving location Accession Date Vendor Price Bill number Total Checkouts Full call number Barcode No Date last seen Date last checked out Discount Bill Date Koha item type Suggested By
    Dewey Decimal Classification     IMTN IMTN Rack 34-B 03/26/2025 Raghav Books Private Limited 2791.34 2374 1 658.577 GRA 33907 07/15/2025 07/08/2025 33 02/14/2025 Books Ashima Patel (2023010)
Designed & Maintained by: LRC IMT Nagpur Contact: lrc@imtnag.ac.in© 2024. All Rights Reserved.